| 000 | 00694nam a2200229 u 4500 | ||
|---|---|---|---|
| 005 | 20240912063844.0 | ||
| 008 | 121025s2004 ug r 000 0 spa d | ||
| 020 | _a9974784107 | ||
| 035 | _aUPN01000188046 | ||
| 049 | _aI | ||
| 050 | 4 |
_aPZ78 _bE7.5 |
|
| 100 | 1 |
_aErbiti, Alejandra, _d1963- _933263 |
|
| 245 | 1 | 0 |
_aMario Butano / _cAlejandra Erbiti ; il. Claudio Briasco. |
| 260 |
_aMontevideo : _bSudamer, _c2004. |
||
| 300 |
_a[12] p. : _bprincipalmente il. col. |
||
| 440 | 0 | _aFantástica y misteriosa | |
| 650 | 4 |
_aLibros y lectura para niños _92290 |
|
| 650 | 4 |
_aCuentos infantiles argentinos _97466 |
|
| 700 | 1 |
_aBriasco, Claudio, _eil. |
|
| 905 | _aInfantil | ||
| 999 |
_c160149 _d160149 |
||